| 000 | 00658cam a2200217I 4500 | ||
|---|---|---|---|
| 008 | |||
| 049 | _aMAIN | ||
| 090 |
_aQA805 _bGOL |
||
| 100 | 1 | _aGoldstein, Herbert. | |
| 245 | 1 | 0 |
_aClassical mechanics / _cHerbert Goldstein. |
| 260 |
_aCambridge, Mass., : _bAddison-Wesley Press, _c1950. |
||
| 300 |
_axii, 399 p. _bdiagrs. _c24 cm. |
||
| 504 | _aInclues bibliographical references. | ||
| 650 | 0 | _aMechanics, Analytic. | |
| 650 | 7 |
_aMecanica, Elasticidade E Reologia _2larpcal |
|
| 907 |
_a.b10000082 _b16-08-11 _c17-04-03 |
||
| 003 | |||
| 005 | 20230123133108.0 | ||
| 040 | _cNUST | ||
| 942 |
_cBOOKS _kQA805 _mGOL |
||
| 999 |
_c142648 _d142648 |
||